000 01261nam a2200253 a 4500
001 BRCA_2046
005 20190320203640.0
008 010808s1993----sp-#---###---#000-0#spa-#
020 _a8488716028
020 _a8476351364
050 4 _aZ694
_b.I83 1993
245 1 0 _aISBD (A)
_bdescripción bibliográfica internacional normalizada para publicaciones monográficas antiguas
_ctraducción Ana Baltar Gómez, Fabiola Labella Rivas, Luis Villén Rueda ; revisada por María Jesús López Bernaldo de Quirós, María Pilar Palá Gasós.
250 _a2
260 _aMadrid
_bANABAD : Arco/Libros
_c1993
300 _axiv, 120 p.
_c24 cm.
500 _aEdición recomendada por el Grupo de Estudio sobre la Descripción Bibliográfica Internacional Normalizada para Publicaciones Monográficas Antiguas. Aprobada por los Comités Permanentes de la Sección de Catalogación de la IFLA y de la Sección de Libros raros y Manuscritos de la IFLA
500 _aIncluye índice alfabético
650 1 4 _aCatalogación descriptiva
_96244
650 1 4 _aLibros impresos antiguos
_xCatalogación
_96245
700 1 _aBaltar Gómez, Ana
_96246
700 1 _aLabella Rivas, Fabiola
_96247
700 1 _aLópez Bernaldo de Quirós, María Jesús
_96248
942 _2lcc
_cB
999 _c1811
_d1811